| 000 | 00821nam0a22002651 4500 | ||
|---|---|---|---|
| 001 | rc\446488 | ||
| 005 | 20250612172439.0 | ||
| 010 |
_a5-7300-0134-7 _910000 |
||
| 035 | _a(NLR Aleph) 008751336 | ||
| 090 |
_a7809189 _c7809189 |
||
| 100 | _a20030616d1988 |||y0rusy50 ca | ||
| 101 | 0 | _arus | |
| 102 | _aRU | ||
| 105 | _aa ||||||||| | ||
| 200 | 1 |
_aМосковская икона XIV-XVII веков _e[Альбом] |
|
| 210 |
_aЛ. _cАврора _d1988 |
||
| 215 |
_a318, [1] с. _cв основном ил., цв. ил. _d35 |
||
| 320 | _aБиблиогр.: с. 311-319 | ||
| 700 | 1 |
_aСмирнова _bЭ.С. _gЭнгелина Сергеевна |
|
| 801 | 0 |
_aRU _bNLR _gpsbo |
|
| 801 | 1 |
_aRU _bELAR _2rusmarc |
|
| 801 | 2 |
_aRU _bNLR _c20031225 _2rusmarc |
|
| 852 |
_aNLR _jЭ АлИс491 /2-41 |
||
| 942 | _cBOOK | ||
| 980 | _aNB | ||